| 000 | 00544nam a2200193Ia 4500 | ||
|---|---|---|---|
| 003 | OSt | ||
| 005 | 20240716102318.0 | ||
| 008 | 210210b1989 xxu||||| |||| 00| 0 eng d | ||
| 040 | _cAL | ||
| 041 | _aKannada | ||
| 082 | _aK894.3 RAGB | ||
| 100 |
_aRAGHAVENDRA KHASANISA. _dರಾಘವೇಂದ್ರ ಖಾಸನೀಸ _9173602 |
||
| 245 |
_aBedikondavaru. _bಬೇಡಿಕೊಂಡವರು |
||
| 260 |
_aDharavada _bManohara Granthamale _c1989 |
||
| 300 | _a88 | ||
| 690 |
_aKannada Fiction _9173603 |
||
| 906 | _a049264 | ||
| 942 |
_2ddc _cBK |
||
| 999 |
_c98033 _d98033 |
||